00601cam a2200205 i 45000010009000000050017000090080041000260100017000670200025000840400023001090410008001320420008001400430012001480800016001600820020001761000007001961010008002032450133002115040051003441757686120180206042644.0121231s2013 nyua b 001 0 eng  a 2012050082 a9780393921069 (pbk.) aDLCbengcDLCerda aeng apcc an-us--- a320.473 WIL00a320.473 WIL2231 a22 aPOL10aAmerican politics today /cWilliam T. Bianco, Indiana University, Bloomington, David T. Canon, University of Wisconsin, Madison. aIncludes bibliographical references and index.